Online
Catalog

El hombre y la cultura : (Record no. 34889)

MARC details
000 -CABECERA
campo de control de longitud fija 00540nam a2200157 a 4500
001 - NÚMERO DE CONTROL
campo de control 000035398
005 - FECHA Y HORA DE LA ÚLTIMA TRANSACCIÓN
campo de control 20200930074319.0
008 - DATOS DE LONGITUD FIJA--INFORMACIÓN GENERAL
campo de control de longitud fija 111031s1971 sp 000 0 spa d
040 ## - FUENTE DE LA CATALOGACIÓN
Centro catalogador/agencia de origen DO-SdBNP
Lengua de catalogación spa
Centro/agencia transcriptor BNPHU
082 ## - NÚMERO DE LA CLASIFICACIÓN DECIMAL DEWEY
Número de clasificación xxx
Número de documento/Ítem B463h
100 1# - ENTRADA PRINCIPAL--NOMBRE DE PERSONA
Nombre de persona Benedict, Ruth
9 (RLIN) 61223
245 13 - MENCIÓN DE TÍTULO
Título El hombre y la cultura :
Resto del título Investigación sobre los orígenes de la civilazación contemporánea /
Mención de responsabilidad, etc. Ruth Benedict ; introducción Franz Boas.
260 ## - PUBLICACIÓN, DISTRIBUCIÓN, ETC.
Lugar de publicación, distribución, etc. Barcelona :
Nombre del editor, distribuidor, etc. Edhasa,
Fecha de publicación, distribución, etc. 1971.
300 ## - DESCRIPCIÓN FÍSICA
Extensión 284 p. ;
Dimensiones 19 cm.
700 1# - PUNTO DE ACCESO ADICIONAL--NOMBRE DE PERSONA
Nombre de persona Boas, Franz,
Término indicativo de función/relación introd.
9 (RLIN) 61224
Holdings
Estado de retiro Estado de pérdida Restricciones de uso No para préstamo Código de colección Localización permanente Ubicación/localización actual Ubicación en estantería Fecha de adquisición Número de inventario Total de préstamos Signatura topográfica completa Código de barras Fecha visto por última vez Precio válido a partir de Tipo de ítem Koha Nota pública
      Excluido de préstamo Monografías: Libros y Folletos General General En catalogación 31.10.2011 LF1   xxx B463h 35398-10 25.06.2020 25.06.2020 No se presta Perteneció a la biblioteca personal de Juan Isidro Jimenes- Grullón

Powered by Koha